000 00748cab a2200241 4500
001 ABS59348
008 090401t1998 xxu||||| |||| 00| 0 eng d
035 _a(Sirsi) u88819
041 _aeng
100 _aNetherway, S,
245 _aLimited liability for partners
260 _c1998
350 _a0
490 _aCSM (Chartered Surveyor Monthly)
_v8(1) September 1998, 48-49(2)
520 _aConsiders the issues facing surveyors if the government introduces limited liability partnerships.
650 _aLIMITED LIABILITY PARTNERSHIPS
650 _aLIMITED PARTNERSHIPS
650 _aRICS REGULATIONS
650 _aSURVEYORS
690 _aMANAGEMENT-BUSINESS MANAGEMENT-PROFESSIONAL PRACTICE
942 _n0
948 _c05/10/1998
999 _c56163
_d56163